Computer Organization / (Record no. 556)

MARC details
000 -LEADER
Fixed length control field 00514nam a2200181 4500
003 - CONTROL NUMBER IDENTIFIER
Control field SEACOMMC
005 - DATE AND TIME OF LATEST TRANSACTION
Control field 20250502113035.0
008 - FIXED-LENGTH DATA ELEMENTS--GENERAL INFORMATION
Fixed length control field 240913b |||||||| |||| 00| 0 eng d
020 ## - INTERNATIONAL STANDARD BOOK NUMBER / ISBN
International Standard Book Number 978-1259-0052-75
Price $5.95
040 ## - CATALOGING SOURCE
Original cataloging agency SEACOMMC
082 ## - DEWEY DECIMAL CLASSIFICATION NUMBER
Classification number 004.22
Book Number H198
100 ## - MAIN ENTRY--PERSONAL NAME
Personal name Hamacher, Carl
245 1# - TITLE STATEMENT
Title Computer Organization /
Statement of responsibility Carl Hamacher, Zvonko Vranesic [and] Safwat Zaky
250 ## - EDITION STATEMENT
Edition statement 5th ed.
260 ## - IMPRINT
Place of publication New Delhi
Name of publisher McGraw Hill Educattion
Date of publication 2002
650 ## - SUBJECT ADDED ENTRY--TOPICAL TERM
Topical term Computer organization
942 ## - ADDED ENTRY ELEMENTS (KOHA)
Koha item type Books
Holdings
Withdrawn status Lost status Source of classification Damaged status Not for loan Home library Current library Shelving location Date acquired Total Checkouts Call number Accession number Date last seen Price effective from Koha item type Copy number
    Dewey Decimal Classification     SEACOM MANAGEMENT COLLEGE SEACOM MANAGEMENT COLLEGE Reference 25/09/2007   004.22 H198 M-145 13/09/2024 13/09/2024 Reference Books  
    Dewey Decimal Classification     SEACOM MANAGEMENT COLLEGE SEACOM MANAGEMENT COLLEGE   25/09/2007   004.22 H198 M-146 13/09/2024 13/09/2024 Books 1
    Dewey Decimal Classification     SEACOM MANAGEMENT COLLEGE SEACOM MANAGEMENT COLLEGE   25/09/2007   004.22 H198 M-147 13/09/2024 13/09/2024 Books 2
    Dewey Decimal Classification     SEACOM MANAGEMENT COLLEGE SEACOM MANAGEMENT COLLEGE   25/09/2007   004.22 H198 M-148 13/09/2024 13/09/2024 Books 3
    Dewey Decimal Classification     SEACOM MANAGEMENT COLLEGE SEACOM MANAGEMENT COLLEGE   25/09/2007   004.22 H198 M-149 13/09/2024 13/09/2024 Books 4
    Dewey Decimal Classification     SEACOM MANAGEMENT COLLEGE SEACOM MANAGEMENT COLLEGE   25/09/2007   004.22 H198 M-150 13/09/2024 13/09/2024 Books 5
    Dewey Decimal Classification     SEACOM MANAGEMENT COLLEGE SEACOM MANAGEMENT COLLEGE   25/09/2007   004.22 H198 M-151 13/09/2024 13/09/2024 Books 6
    Dewey Decimal Classification     SEACOM MANAGEMENT COLLEGE SEACOM MANAGEMENT COLLEGE   06/03/2008   004.22 H198 M-1903 05/02/2025 05/02/2025 Books 7
    Dewey Decimal Classification     SEACOM MANAGEMENT COLLEGE SEACOM MANAGEMENT COLLEGE   06/03/2008   004.22 H198 M-1904 05/02/2025 05/02/2025 Books 8
    Dewey Decimal Classification     SEACOM MANAGEMENT COLLEGE SEACOM MANAGEMENT COLLEGE   06/03/2008   004.22 H198 M-1905 05/02/2025 05/02/2025 Books 9
    Dewey Decimal Classification     SEACOM MANAGEMENT COLLEGE SEACOM MANAGEMENT COLLEGE   06/03/2008   004.22 H198 M-1906 05/02/2025 05/02/2025 Books 10
    Dewey Decimal Classification     SEACOM MANAGEMENT COLLEGE SEACOM MANAGEMENT COLLEGE   06/03/2008   004.22 H198 M-1907 05/02/2025 05/02/2025 Books 11
    Dewey Decimal Classification     SEACOM MANAGEMENT COLLEGE SEACOM MANAGEMENT COLLEGE   06/03/2008   004.22 H198 M-1908 05/02/2025 05/02/2025 Books 12
© Seacom Engineering College, All rights reserved.    Powered by Koha